Libor Nováček poprvé na Pražském jaru

Hlavní autor: Nováček, Libor, 1979-
Další autoři: Haydn, Joseph, 1732-1809., Debussy, Claude, 1862-1918., Debussy, Claude, 1862-1918., Debussy, Claude, 1862-1918., Debussy, Claude, 1862-1918., Debussy, Claude, 1862-1918., Debussy, Claude, 1862-1918., Debussy, Claude, 1862-1918., Debussy, Claude, 1862-1918., Martinů, Bohuslav, 1890-1959., Falla, Manuel de, 1876-1946.
Jazyk: Nelze použít, není lingvistický obsah
Vydáno: [Praha] : Radioservis, p2009
Témata:
Fyzický popis: 1 zvuková deska (57:14) : digital, stereo ; 12 cm
Zvukové nahrávky
Uloženo v:
LEADER 02982njm a2200553 a 4500
001 001078135
003 CZ BrMZK
005 20091211072428.0
007 sd fsngnnmmned
008 091207s2009 xr mun g zxx d
028 0 1 |a CR0468-2  |b Radioservis 
040 |a BOA001  |b cze 
047 |a sn  |a pr  |a df 
048 |a ka01 
072 7 |a 786  |x Hudba pro klávesové nástroje  |2 Konspekt  |9 9 
080 |a 786.2.082.2  |2 MRF 
080 |a 786.2.083.2  |2 MRF 
080 |a 78.085.088  |2 MRF 
080 |a (086.76)  |2 MRF 
100 1 |a Nováček, Libor,  |d 1979-  |7 ola2002144968  |4 itr 
245 1 0 |a Libor Nováček poprvé na Pražském jaru  |h [zvukový záznam] 
260 |a [Praha] :  |b Radioservis,  |c p2009 
300 |a 1 zvuková deska (57:14) :  |b digital, stereo ;  |c 12 cm 
306 |a 005714 
500 |a Kompaktní deska (DDD) 
505 0 0 |t Sonáta F dur, Hob. XVI:23 /  |r Joseph Haydn --  |t Preludia, 2. řada (výběr).  |t Mlhy ;  |t Spadané listí ;  |t Vinná brána ;  |t Víly, výtečné tanečnice ;  |t Výstřední generál Lavine ;  |t Terasa audiencí při měsíci ;  |t Rusalka ;  |t Střídavé tercie ;  |t Ohňostroj /  |r Claude Debussy --  |t Tři české tance, H 154.  |t Obkročák ;  |t Dupák ;  |t Polka /  |r Bohuslav Martinů --  |t Ohňový tanec /  |r Manuel de Falla 
511 0 |a Libor Nováček, klavír 
518 |a Záznam koncerttu 34. ročníku Mezinárodního hudebního festivalu Pražské jaro dne 2. června 2009 v Rudolfinu 
580 |a Vydáno jako příloha časopisu Harmonie 
650 0 7 |a sonáty (klavír)  |7 ph125842  |2 czenas 
650 0 7 |a preludia (klavír)  |7 ph501484  |2 czenas 
650 0 7 |a tance, úpravy  |7 ph315281  |2 czenas 
655 7 |a kompaktní desky  |7 fd201991  |2 czenas 
700 1 2 |a Haydn, Joseph,  |d 1732-1809.  |t Sonáty,  |m klavír,  |n H. XVI, 23,  |r F dur 
700 1 2 |a Debussy, Claude,  |d 1862-1918.  |t Préludes,  |m klavír,  |n kniha 2.  |p Brouillards 
700 1 2 |a Debussy, Claude,  |d 1862-1918.  |t Préludes,  |m klavír,  |n kniha 2.  |p Feuilles mortes 
700 1 2 |a Debussy, Claude,  |d 1862-1918.  |t Préludes,  |m klavír,  |n kniha 2.  |p Puerta del vino  |7 aun2007422536 
700 1 2 |a Debussy, Claude,  |d 1862-1918.  |t Préludes,  |m klavír,  |n kniha 2.  |p Fées sont d'exquises danseuses 
700 1 2 |a Debussy, Claude,  |d 1862-1918.  |t Préludes,  |m klavír,  |n kniha 2.  |p Général Lavine - eccentric 
700 1 2 |a Debussy, Claude,  |d 1862-1918.  |t Preludia,  |m klavír,  |n kniha 2.  |p Terrasse des audiences du clair de lune  |7 aun2009504600 
700 1 2 |a Debussy, Claude,  |d 1862-1918.  |t Préludes,  |m klavír,  |n kniha 2.  |p Tierces alternées 
700 1 2 |a Debussy, Claude,  |d 1862-1918.  |t Préludes,  |m klavír,  |n kniha 2.  |p Feux d'artifice 
700 1 2 |a Martinů, Bohuslav,  |d 1890-1959.  |t Danses tchèques,  |m klavír  |7 aun2006373162 
700 1 2 |a Falla, Manuel de,  |d 1876-1946.  |t Amor brujo.  |p Danza ritual del fuego  |7 aun2010606345 
772 0 |t Harmonie 
910 |a BOA001  |b CD-0015.789 
990 |a AV 
991 |b 200912 
996 6 |b 261H017511  |c CD-0015.789  |l MZK  |r Sklad / do 24 hodin  |n 1  |p p.v.  |w 001099788  |u 000010  |a 1  |e BOA001  |j MZK50  |s P